Les ambassades

Salvato in:
Dettagli Bibliografici
Autore principale: Peryffitte, Roger
Natura: Libro
Lingua:Undetermined
Pubblicazione: París, Francia Flammarion 1951
Soggetti:
Tags: Aggiungi Tag
Nessun Tag, puoi essere il primo ad aggiungerne!!

MARC

LEADER 00000nam a2200000Ia 4500
008 170316s9999 xx 000 0 und d
040 |a cru BVZT 
090 |a 840 P-11a 
100 |a Peryffitte, Roger 
245 |a Les ambassades 
260 |a París, Francia  |b Flammarion  |c 1951 
300 |a 325 páginas 
650 |a LITERATURA FRANCESA 
999 |c 7871  |d 7871 
942 |c 15 D  |h 840 P-11a  |2 z